Statistics for Portland Trail Blazers Best Team By Decade

Click here to take the quiz!

General Stats

  • This quiz has been taken 43 times
  • The average score is 13 of 27

Answer Stats

SeasonPlayer% Correct
1989-90Clyde Drexler
100%
2018-19, 2020-21Damian Lillard
100%
2018-19, 2020-21CJ McCollum
94%
1976-77Bill Walton
92%
2018-19, 2020-21Jusuf Nurkić
86%
1989-90Terry Porter
81%
1999-00Rasheed Wallace
69%
1999-00Arvydas Sabonis
67%
1989-90Kevin Duckworth
67%
1989-90Buck Williams
64%
1999-00Scottie Pippen
64%
1999-00Damon Stoudamire
61%
1989-90Jerome Kersey
58%
1999-00Steve Smith
47%
2020-21Norman Powell
39%
1976-77Maurice Lucas
36%
2020-21Robert Covington
36%
1976-77Johnny Davis
31%
2018-19Al-Farouq Aminu
25%
1982-83Mychal Thompson
25%
1982-83Jim Paxson
22%
2018-19Maurice Harkless
22%
1976-77Lionel Hollins
19%
1976-77Bob Gross
8%
1982-83Calvin Natt
8%
1982-83Darnell Valentine
3%
1982-83Wayne Cooper
3%

Score Distribution

Percentile by Number Answered

Percent of People with Each Score

Your Score History

You have not taken this quiz